Les Simpson - Décodeur (Version Difficile) - Statistiques

Statistiques générales
  • Ce quiz a été pris 540 fois
  • Le résultat moyen est 25 sur 47
Statistiques - réponses
Indices Réponses % Correct
S Ville dans laquelle se déroule l’action de la série "Les Simpson" Springfield
98%
D Pâtisserie préférée d'Homer Donut
95%
C Animaux que sont, par exemple, Boule de Neige II et Coltrane Chats
89%
S Instrument de musique régulièrement joué par Lisa Saxophone
89%
C Réplique espagnole fétiche de Bart, qu'il prononce le plus souvent lorsqu'il est surpris : "¡Ay, _______!" Caramba
88%
C Homer travaille en tant qu'inspecteur de la sécurité à la ________ Nucléaire de Springfield Centrale
84%
P Nom du chien de la famille Simpson Petit Papa Noël
81%
E Châtiment, devenu un gag récurrent de la série, qu'Homer inflige à Bart lorsqu'il fait preuve d'insolence Étranglement
79%
D Interjection prononcée par Homer lorsqu'il commet une gaffe D'Oh !
72%
H Université américaine prestigieuse que rêve d'intégrer Lisa à ses 18 ans Harvard
72%
O Autre interjection culte qu'Homer prononce très souvent : "___ pinaise" Ouh
72%
I Dessin animé préféré de Bart et Lisa, mettant en scène un chat noir et une souris bleue Itchy et Scratchy
71%
M Gros Tony est le parrain de cette organisation criminelle Mafia
71%
A Prénom du gérant du Kwik-E-Mart (la supérette locale) Apu
70%
N Prénom de la brute de l'école, se moquant souvent des autres avec son célèbre "Ha-ha !" Nelson
70%
O Prénom du chauffeur du bus scolaire Otto
69%
P Type de pantalon, reconnaissable par sa coupe évasée, porté par Disco Stu Patte d'éph
69%
E Bart et Lisa étudient à l'école ___________ de Springfield Élémentaire
68%
O Instrument de musique régulièrement joué par Alice Glick lors des messes de Springfield Orgue
66%
C Pays dans lequel se rend Selma afin d'adopter un enfant Chine
65%
E Réplique fétiche de M. Burns, lui permettant de manifester sa satisfaction à l'égard d'une situation Excellent !
59%
U Dans le générique de la série, Homer manipule une barre de ce métal (de numéro atomique 92) radioactif Uranium
58%
E La famille Simpson habite au "742 _________ Terrace" Evergreen
57%
R Dans l'épisode "La reine de l'orthographe", ce jeune garçon simplet a subitement répliqué : "Des fois, quand je pète, je fais caca !" Ralph
57%
F Une collaboration entre Les Simpson et le mode "Battle Royale" de ce jeu vidéo a eu lieu en nov. 2025 Fortnite
53%
N Titre (français) du tout premier épisode des Simpson : "____ Mortel" Noël
53%
U Dans l'épisode "Vive les éboueurs", Homer vient interrompre le concert de ce groupe de rock irlandais de renommée mondiale notamment composé de Bono U2
52%
O Matt Groening a affirmé que la ville de Springfield ressemblait à celle de Portland, située aux États-Unis dans l'État de l'______ Oregon
51%
R Profession exercée par Timothy Lovejoy Révérend
51%
R Prénom du fils aîné de Ned Flanders Rod
48%
L Race du chien de la famille Simpson Lévrier Whippet
47%
P La voix française d'Homer Simpson est interprétée par ________ Peythieu Philippe
43%
O Expression culte de Duffman, qu'il prononce tout en donnant un coup de rein en avant Oh yeah !
42%
A Nationalité de Rainier Wolfcastle (alias McBain), héros de films d'action hollywoodien Autrichienne
36%
H Nom de famille du médecin référent des Simpson Hibbert
34%
I État des États-Unis dont Springfield est la capitale Illinois
32%
🎵 {Spider}-{cochon}, {Spider}-{cochon}, {il} {peut} {marcher} {au} {plafond}. 🎵
32%
I Nom de l'équipe de baseball de Springfield : "Les ________" Isotopes
31%
R Super-héros préféré de Bart Radioactive Man
30%
A Dans l'épisode "Lisa la végétarienne", Lisa a décidé d'arrêter de consommer de la viande après s'être prise d'affection pour cet animal Agneau
27%
H Prénom du demi-frère d'Homer Herbert
23%
N Prénom du Dr. Riviera, dont le résultat des opérations (bien que peu coûteuses) laisse souvent à désirer Nick
23%
T Singe domestiqué apparaissant régulièrement aux côtés de Krusty le Clown : Monsieur _____ Teeny
17%
D Nom du magasin dont Jeff Albertson (le vendeur de BD) est propriétaire : "______ de l'Androïde" Donjon
15%
C Capitale (fictive) de l'État où sont situées Springfield et Shelbyville Capital City
13%
L Nom de l'éléphant remporté par Bart lors d'un jeu concours radiophonique de la station KBBL Lourdeau
10%
P Marque automobile, aujourd'hui disparue, de la voiture d'Homer Plymouth Junkerolla (modèle de 1986)
6%
Aucun quiz correspondant
Distribution des résultats
% des personnes avec chaque résultat
Percentile par nombre de réponses
Votre historique - résultats
Vous n’avez pas pris ce quiz